header

Robot brains (Record no. 178109)

MARC details
000 -LEADER
fixed length control field 01206nam a2200313 a 4500
082 04 - DEWEY DECIMAL CLASSIFICATION NUMBER
Classification number 629.8/9263
100 1# - MAIN ENTRY--AUTHOR NAME
Personal name Haikonen, Pentti O.
245 10 - TITLE STATEMENT
Title Robot brains
260 ## - PUBLICATION, DISTRIBUTION, ETC. (IMPRINT)
Place of publication Chichester, England :
Name of publisher John Wiley,
Year of publication 2007.
300 ## - PHYSICAL DESCRIPTION
Number of Pages x, 213 p. :
Other physical details ill.
650 #0 - SUBJECT ADDED ENTRY--TOPICAL TERM
Topical Term Robotics.
Topical Term Conscious automata.
856 40 - ELECTRONIC LOCATION AND ACCESS
Uniform Resource Identifier http://site.ebrary.com/lib/rucke/Doc?id=10297893

No items available.

© 2026 Rongo University
Contact us: librarian | system librarian | Rongo university